=LDR 00000nam 2200000 4500 =001 INLIS000000000016869 =005 20250410033935 =035 ##$$a 0010-061300000016869 =008 250410################c##########0#ind## =041 ##$$a Ind =082 ##$$a 028 =090 ##$$a 028.5, Mur u =100 ##$$a Murasid =245 1#$$a Usil penyebab penyakit /$c Murasid =260 ##$$a Jakarta :$b Wanda Putra Persada,$c 1999 =300 ##$$a 56 hlm, : $b ilus. ; $c 21 x 15 cm. =650 #4$$a Bacaan anak-anak =850 ##$$a NBPNMAT =084 ##$$a 028 MUR u =990 ##$$a 03820382